Every NFL Player Drafted in the Last 5 Years - Statistics

General Stats
  • This quiz has been taken 53 times
  • The average score is 431 of 1297
Answer Stats
Round Pick Team Pos Player % Correct
1 1 CIN QB Joe Burrow
97%
4 112 DET WR Amon-Ra St. Brown
94%
5 183 ATL CB Avery Williams
91%
4 117 LAR DL Bobby Brown
91%
7 250 LV RB Brittain Brown
91%
1 1 CHI QB Caleb Williams
91%
6 183 NYG LB Cam Brown
91%
5 163 CIN RB Chase Brown
91%
4 141 BAL CB Damarion Williams
91%
6 193 CAR OL Deonte Brown
91%
1 7 CAR DT Derrick Brown
91%
1 10 PHI WR DeVonta Smith
91%
3 91 BUF LB Dorian Williams
91%
3 82 WAS WR Dyami Brown
91%
5 174 LAR DE Earnest Brown IV
91%
4 111 GB DB Evan Williams
91%
3 72 ARI DB Garrett Williams
91%
1 12 DET WR Jameson Williams
91%
7 229 WAS DE James Smith-Williams
91%
7 242 TEN S James Williams
91%
2 35 DEN RB Javonte Williams
91%
3 87 SF S Ji'Ayir Brown
91%
4 135 KC CB Joshua Williams
91%
5 164 LAR RB Kyren Williams
91%
3 73 PHI DL Milton Williams
91%
7 222 JAX DB Montaric Brown
91%
6 201 NYG CB Rodarius Williams
91%
2 56 DAL DE Sam Williams
91%
6 219 DEN WR Seth Williams
91%
3 93 BUF OL Spencer Brown
91%
3 66 PHI DB Sydney Brown
91%
4 137 SEA CB Tre Brown
91%
5 152 PHI WR Ainias Smith
88%
4 120 CAR LB Brandon Smith
88%
1 1 CAR QB Bryce Young
88%
2 51 MIA DB Cam Smith
88%
1 2 WAS DE Chase Young
88%
5 170 LV DB Christopher Smith
88%
4 139 CIN OT D'Ante Smith
88%
4 116 NYG DL Elerson Smith
88%
1 5 CIN WR Ja'Marr Chase
88%
4 121 JAX OLB Jordan Smith
88%
1 22 MIN WR Justin Jefferson
88%
6 215 ARI OL Lecitus Smith
88%
2 48 JAX DT Maason Smith
88%
1 26 DAL DL Mazi Smith
88%
1 30 PHI OLB Nolan Smith
88%
6 204 CAR WR Shi Smith
88%
5 165 CHI DB Terell Smith
88%
6 226 KC OL Trey Smith
88%
1 5 MIA QB Tua Tagovailoa
88%
3 89 TB DB Tykee Smith
88%
1 24 DAL OL Tyler Smith
88%
5 158 SEA DE Tyreke Smith
88%
2 57 LAR WR Van Jefferson
88%
1 23 JAX WR Brian Thomas
85%
1 14 PIT OL Broderick Jones
85%
3 70 LV DL Byron Young
85%
3 77 LAR LB Byron Young
85%
4 123 SEA DT Cameron Young
85%
7 233 SEA WR Dareke Young
85%
2 44 LV OL Jackson Powers-Johnson
85%
1 2 WAS QB Jayden Daniels
85%
1 10 CLE OT Jedrick Wills Jr.
85%
7 257 DET RB Jermar Jefferson
85%
4 116 JAX DT Jordan Jefferson
85%
1 6 LAC QB Justin Herbert
85%
6 206 NOR OT Landon Young
85%
1 15 NE QB Mac Jones
85%
3 102 SF DB Ambry Thomas
82%
7 233 WAS DE Andre Jones
82%
1 4 NYG OT Andrew Thomas
82%
7 242 GB DB Anthony Johnson
82%
5 160 JAX DB Antonio Johnson
82%
4 118 WAS OL Braeden Daniels
82%
3 70 MIA S Brandon Jones
82%
5 168 CHI OL Braxton Jones
82%
4 140 PIT LB Buddy Johnson
82%
3 87 ARI DE Cameron Thomas
82%
6 214 CIN DE Cedric Johnson
82%
4 131 CIN WR Charlie Jones
82%
5 162 ARI OL Christian Jones
82%
5 165 JAX WR Collin Johnson
82%
7 253 LAC WR Cornelius Johnson
82%
5 157 JAX S Daniel Thomas
82%
4 111 CLE OL Dawand Jones
82%
7 259 LAR DT Desjuan Johnson
82%
3 80 CAR OLB DJ Johnson
82%
6 187 CLE WR Donovan Peoples-Jones
82%
3 90 ARI DB Elijah Jones
82%
5 159 IND DT Eric Johnson
82%
3 103 LAR LB Ernest Jones
82%
7 223 CLE DE Isaiah Thomas
82%
4 121 NE DB Jack Jones
82%
5 164 DEN DB Jamar Johnson
82%
3 96 JAX DB Jarrian Jones
82%
2 50 CHI CB Jaylon Johnson
82%
7 221 IND DB Jaylon Jones
82%
1 26 NYJ LB Jermaine Johnson II
82%
6 185 PHI WR Johnny Wilson
82%
3 72 ARI OT Josh Jones
82%
6 217 CHI RB Khalil Herbert
82%
6 181 PHI DE Kyron Johnson
82%
3 85 NE CB Marcus Jones
82%
7 233 DAL OL Nathan Thomas
82%
7 259 KC S Nazeeh Johnson
82%
7 250 KC CB Nic Jones
82%
1 6 ARI OL Paris Johnson
82%
7 234 PHI DE Patrick Johnson
82%
3 90 MIN DL Patrick Jones II
82%
7 239 IND LB Rodney Thomas II
82%
4 115 CHI RB Roschon Johnson
82%
4 107 NYG TE Theo Johnson
82%
3 76 BAL DT Travis Jones
82%
5 161 TB WR Tyler Johnson
82%
1 7 LV OLB Tyree Wilson
82%
3 71 CHI WR Velus Jones Jr.
82%
5 138 ARI DE Xavier Thomas
82%
6 186 CHI OL Zachary Thomas
82%
1 2 NYJ QB Zach Wilson
82%
1 17 LAC OG Zion Johnson
82%
1 8 ATL RB Bijan Robinson
79%
1 17 DAL WR CeeDee Lamb
79%
1 21 MIA DE Chop Robinson
79%
5 140 CLE QB Dorian Thompson-Robinson
79%
f f f f f
79%
f f f f f
79%
f f f f f
79%
f f f f f
79%
f f f f f
79%
1 10 NYJ WR Garrett Wilson
79%
1 8 ARI LB Isaiah Simmons
79%
1 29 TEN OT Isaiah Wilson
79%
1 11 CHI QB Justin Fields
79%
3 65 CIN LB Logan Wilson
79%
4 136 ARI CB Marco Wilson
79%
3 94 ARI WR Michael Wilson
79%
3 98 PIT LB Payton Wilson
79%
3 84 PIT WR Roman Wilson
79%
1 1 JAX QB Trevor Lawrence
79%
3 71 NYG DB Aaron Robinson
76%
5 148 SEA DE Alton Robinson
76%
7 219 DET WR Antoine Green
76%
1 12 DEN QB Bo Nix
76%
6 217 CIN P Brad Robbins
76%
3 98 WAS RB Brian Robinson Jr.
76%
3 75 HOU LB Christian Harris
76%
1 27 ARI DL Darius Robinson
76%
4 113 BAL WR Devontez Walker
76%
5 174 CHI DE Dominique Robinson
76%
4 141 LAR WR Jacob Harris
76%
5 145 CAR DB Jammie Robinson
76%
4 134 MIN DE Janarius Robinson
76%
1 26 GB QB Jordan Love
76%
5 167 JAX RB Keilan Robinson
76%
3 87 PIT OL Kendrick Green
76%
2 41 SEA RB Kenneth Walker III
76%
5 152 CAR S Kenny Robinson Jr.
76%
1 15 HOU OL Kenyon Green
76%
6 183 NE RB Kevin Harris
76%
1 4 ATL TE Kyle Pitts
76%
7 227 CHI OG Lachavious Simmons
76%
4 103 NE OL Layden Robinson
76%
7 247 HOU DL Marcus Harris
76%
7 225 PIT LB Mark Robinson
76%
1 12 DAL LB Micah Parsons
76%
4 119 ATL LB Mykal Walker
76%
1 24 PIT RB Najee Harris
76%
5 160 CLE C Nick Harris
76%
1 22 GB LB Quay Walker
76%
7 249 GB OL Rasheed Walker
76%
4 123 DAL CB Reggie Robinson II
76%
2 64 SF DB Renardo Green
76%
6 221 SF CB Tariq Castro-Fields
76%
4 124 BAL DE Tavius Robinson
76%
5 153 CLE LB Tony Fields
76%
1 1 JAX DE Travon Walker
76%
2 43 NYG WR Wan'Dale Robinson
76%
2 62 KC S Bryan Cook
74%
7 234 LAR LB Clay Johnston
74%
4 115 CIN TE Erick All
74%
1 12 DET RB Jahmyr Gibbs
74%
2 63 BUF RB James Cook
74%
1 6 MIA WR Jaylen Waddle
74%
1 10 MIN QB J.J. McCarthy
74%
2 46 NE DL Keion White
74%
3 89 HOU WR Nico Collins
74%
1 21 LAC WR Quentin Johnston
74%
3 91 TB RB Rachaad White
74%
4 131 ARI DT Rashard Lawrence
74%
2 33 CIN WR Tee Higgins
74%
4 122 LV RB Zamir White
74%
1 22 BAL WR Zay Flowers
74%
2 49 NOR DB Alontae Taylor
71%
1 18 CIN OL Amarius Mims
71%
1 4 IND QB Anthony Richardson
71%
1 27 JAX OL Anton Harrison
71%
1 25 SF WR Brandon Aiyuk
71%
1 32 KC RB Clyde Edwards-Helaire
71%
2 48 SEA DE Darrell Taylor
71%
3 103 PHI LB Davion Taylor
71%
2 59 NYJ WR Denzel Mims
71%
1 3 NE QB Drake Maye
71%
6 197 MIA WR Elijah Higgins
71%
6 214 LAC DB Ja'Sir Taylor
71%
7 234 LAR S Jason Taylor
71%
1 15 DEN WR Jerry Jeudy
71%
2 41 IND RB Jonathan Taylor
71%
5 166 CAR DB Keith Taylor
71%
3 98 BAL LB Malik Harrison
71%
1 4 ARI WR Marvin Harrison Jr.
71%
2 63 DEN WR Marvin Mims
71%
4 122 CHI P Tory Taylor
71%
1 3 SF QB Trey Lance
71%
7 223 LV FS Trey Taylor
71%
1 13 TB OT Tristan Wirfs
71%
3 75 ATL DE Zach Harrison
71%
1 16 ARI LB Zaven Collins
71%
1 2 DET DE Aidan Hutchinson
68%
3 68 NYJ S Ashtyn Davis
68%
5 169 DAL OL Asim Richards
68%
1 18 MIA OT Austin Jackson
68%
5 154 LAR DE Brennan Jackson
68%
1 13 LV TE Brock Bowers
68%
7 262 SF QB Brock Purdy
68%
1 16 SEA DL Byron Murphy
68%
7 232 PIT DT Carlos Davis
68%
7 243 TEN S Chris Jackson
68%
1 2 HOU QB C.J. Stroud
68%
7 239 BUF CB Dane Jackson
68%
4 112 LV CB Decamerion Richardson
68%
4 125 LAC WR Derius Davis
68%
5 161 NOR LB D'Marco Jackson
68%
2 61 SF OLB Drake Jackson
68%
4 128 BUF WR Gabriel Davis
68%
5 173 NYJ RB Isaiah Davis
68%
7 226 ARI DB Jaden Davis
68%
1 9 PHI DL Jalen Carter
68%
4 119 BAL DB Jalyn Armour-Davis
68%
1 19 WAS LB Jamin Davis
68%
2 50 GB WR Jayden Reed
68%
6 198 SEA S Jerrick Reed
68%
6 182 TEN WR Jha'Quan Jackson
68%
5 151 LAC WR Joe Reed
68%
3 75 DET OG Jonah Jackson
68%
1 13 PHI DT Jordan Davis
68%
6 194 NOR DT Jordan Jackson
68%
6 220 SF DT Kalia Davis
68%
1 20 PIT QB Kenny Pickett
68%
6 194 TB DT Khalil Davis
68%
4 108 MIN DB Khyree Jackson
68%
1 6 NYG WR Malik Nabers
68%
3 97 CIN DL McKinnley Jackson
68%
2 35 LV TE Michael Mayer
68%
1 8 ATL QB Michael Penix
68%
1 28 CIN DE Myles Murphy
68%
2 56 MIA DT Raekwon Davis
68%
4 128 BUF RB Ray Davis
68%
1 9 CHI WR Rome Odunze
68%
1 4 NYJ CB Sauce Gardner
68%
5 165 IND DB Shawn Davis
68%
6 191 PHI DE Tarron Jackson
68%
6 204 TEN DB Theo Jackson
68%
6 206 JAX TE Tyler Davis
68%
6 196 LAR DT Tyler Davis
68%
3 86 MIN OL Wyatt Davis
68%
1 14 NYJ OL Alijah Vera-Tucker
65%
6 198 PIT S Antoine Brooks Jr.
65%
4 134 NYJ RB Braelon Allen
65%
7 248 HOU DB Brandon Hill
65%
2 36 NYJ RB Breece Hall
65%
7 249 MIN S Brian Cole II
65%
1 11 NOR WR Chris Olave
65%
2 34 GB WR Christian Watson
65%
6 216 IND DT Curtis Brooks
65%
1 25 BUF TE Dalton Kincaid
65%
5 175 LAR TE Davis Allen
65%
1 31 CIN DB Daxton Hill
65%
3 95 BUF DT DeWayne Carter
65%
7 244 DAL WR Jalen Brooks
65%
3 94 PHI DE Jalyx Hunt
65%
6 188 HOU LB Jamal Hill
65%
7 226 CHI OL Ja'Tyre Carter
65%
1 20 SEA WR Jaxon Smith-Njigba
65%
1 8 CAR DB Jaycee Horn
65%
1 3 DET CB Jeff Okudah
65%
1 5 LAC OL Joe Alt
65%
2 46 CAR RB Jonathon Brooks
65%
1 23 MIN WR Jordan Addison
65%
1 27 SEA LB Jordyn Brooks
65%
6 179 GB DT Karl Brooks
65%
1 23 LAC LB Kenneth Murray
65%
7 220 LAC WR K.J. Hill
65%
1 14 BAL S Kyle Hamilton
65%
7 256 GB RB Kylin Hill
65%
4 107 NYJ RB Michael Carter
65%
5 154 NYJ S Michael Carter II
65%
7 236 JAX OLB Myles Cole
65%
5 148 CHI LB Noah Sewell
65%
1 28 BAL LB Patrick Queen
65%
1 9 DEN DB Patrick Surtain II
65%
1 7 DET OL Penei Sewell
65%
2 39 MIA OG Robert Hunt
65%
6 195 PIT S Ryan Watts
65%
2 34 DET TE Sam LaPorta
65%
6 190 CIN OL Trey Hill
65%
1 3 HOU LB Will Anderson
65%
3 95 CIN DE Zachary Carter
65%
3 67 WAS OL Brandon Coleman
62%
5 170 BAL DT Broderick Washington Jr.
62%
3 81 LV WR Bryan Edwards
62%
5 158 NYJ CB Bryce Hall
62%
6 187 ATL WR Casey Washington
62%
1 9 JAX CB C.J. Henderson
62%
3 93 PIT TE Darnell Washington
62%
4 108 ATL CB Darren Hall
62%
3 67 HOU QB Davis Mills
62%
3 73 JAX DT DaVon Hamilton
62%
1 3 HOU CB Derek Stingley Jr.
62%
2 37 SEA DE Derick Hall
62%
1 5 SEA DB Devon Witherspoon
62%
1 7 NYG OL Evan Neal
62%
2 52 PIT WR George Pickens
62%
7 236 BUF OL Jack Anderson
62%
1 18 DET LB Jack Campbell
62%
1 16 WAS WR Jahan Dotson
62%
6 209 JAX WR Jalen Camp
62%
2 53 PHI QB Jalen Hurts
62%
5 164 MIN QB Jaren Hall
62%
7 243 KC DB Jaylen Watson
62%
2 33 BUF WR Keon Coleman
62%
7 249 HOU OL LaDarius Henderson
62%
7 231 MIA OT Larnel Coleman
62%
2 33 TB DE Logan Hall
62%
6 184 MIA WR Malik Washington
62%
3 86 TEN QB Malik Willis
62%
2 54 CLE DT Michael Hall
62%
2 34 IND WR Michael Pittman Jr.
62%
5 162 DEN WR Montrell Washington
62%
6 206 CLE LB Nathaniel Watson
62%
6 185 JAX WR Parker Washington
62%
1 31 SF WR Ricky Pearsall
62%
4 132 GB WR Romeo Doubs
62%
7 251 PIT OL Spencer Anderson
62%
7 241 MIA WR Tahj Washington
62%
3 69 HOU WR Tank Dell
62%
1 25 JAX RB Travis Etienne
62%
1 18 TEN WR Treylon Burks
62%
5 166 CIN S Tycen Anderson
62%
2 33 TEN QB Will Levis
62%
6 205 HOU WR Xavier Hutchinson
62%
1 28 KC WR Xavier Worthy
62%
1 16 ATL CB AJ Terrell
59%
7 247 SF TE Brayden Willis
59%
6 219 TEN LB Chance Campbell
59%
2 45 GB LB Edgerrin Cooper
59%
1 12 LV WR Henry Ruggs III
59%
7 239 DEN DE Jonathon Cooper
59%
4 135 PIT OG Kevin Dotson
59%
2 42 GB TE Luke Musgrave
59%
1 27 BAL WR Rashod Bateman
59%
2 51 DAL CB Trevon Diggs
59%
3 78 GB TE Tucker Kraft
59%
2 33 JAX DB Tyson Campbell
59%
1 32 CAR WR Xavier Legette
59%
3 64 CHI DL Zacch Pickens
59%
2 52 IND WR Adonai Mitchell
56%
5 142 CLE DB Cameron Mitchell
56%
2 43 CHI TE Cole Kmet
56%
4 128 PIT OL Dan Moore
56%
1 8 ATL WR Drake London
56%
6 194 SF RB Elijah Mitchell
56%
2 34 NYJ WR Elijah Moore
56%
1 21 PHI WR Jalen Reagor
56%
5 177 DET TE James Mitchell
56%
5 155 SF OT Jaylon Moore
56%
2 55 BAL RB J.K. Dobbins
56%
4 111 NYJ OT Max Mitchell
56%
1 22 PHI CB Quinyon Mitchell
56%
2 49 ARI WR Rondale Moore
56%
2 54 KC WR Skyy Moore
56%
2 52 SEA RB Zach Charbonnet
56%
1 9 SEA OL Charles Cross
53%
1 17 NE DB Christian Gonzalez
53%
1 17 MIN LB Dallas Turner
53%
3 84 MIA RB De'Von Achane
53%
7 222 MIN RB DeWayne McBride
53%
2 37 NE WR Ja'Lynn Polk
53%
1 19 LAR DL Jared Verse
53%
1 5 NYG DE Kayvon Thibodeaux
53%
5 137 WAS DE K.J. Henry
53%
2 39 CHI CB Kyler Gordon
53%
2 34 LAC WR Ladd McConkey
53%
1 11 NYJ OT Mekhi Becton
53%
3 96 IND DB Nick Cross
53%
1 11 TEN OL Peter Skoronski
53%
1 13 LAC OL Rashawn Slater
53%
3 100 LV WR Tre Tucker
53%
2 55 ARI TE Trey McBride
53%
2 45 TB S Antoine Winfield Jr.
50%
6 185 MIA LS Blake Ferguson
50%
7 225 LAC WR Brenden Rice
50%
5 149 WAS TE Cole Turner
50%
3 69 SEA OG Damien Lewis
50%
2 35 DET RB D'Andre Swift
50%
3 74 ATL QB Desmond Ridder
50%
2 60 CIN DB DJ Turner
50%
1 30 KC DE George Karlaftis III
50%
3 71 ARI OL Isaiah Adams
50%
6 220 GB LB Isaiah McDuffie
50%
4 129 DAL TE Jake Ferguson
50%
2 32 PIT CB Joey Porter Jr.
50%
1 20 NYG WR Kadarius Toney
50%
3 89 LAR DT Kobie Turner
50%
3 92 TEN LB Monty Rice
50%
1 28 NOR DE Payton Turner
50%
5 177 LAR WR Puka Nacua
50%
2 55 KC WR Rashee Rice
50%
7 246 WAS DE Shaka Toney
50%
3 84 LAR LB Terrell Lewis
50%
1 21 KC CB Trent McDuffie
50%
4 118 MIN DB Akayleb Evans
47%
3 78 CLE DE Alex Wright
47%
3 70 NYG DB Andru Phillips
47%
5 147 HOU TE Brevin Jordan
47%
2 52 LAR RB Cam Akers
47%
2 49 PIT WR Chase Claypool
47%
6 202 CIN RB Chris Evans
47%
4 113 ATL CB Clark Phillips
47%
2 40 PHI DB Cooper DeJean
47%
1 10 CHI OL Darnell Wright
47%
3 93 TEN RB Darrynton Evans
47%
7 223 LAR P Ethan Evans
47%
3 97 CLE LB Jacob Phillips
47%
6 224 PHI S JaCoby Stevens
47%
1 18 MIA DL Jaelan Phillips
47%
3 99 SF K Jake Moody
47%
3 92 TB WR Jalen McMillan
47%
1 14 SF DT Javon Kinlaw
47%
6 205 HOU RB Jawhar Jordan
47%
4 120 MIA RB Jaylen Wright
47%
4 134 MIN S Jay Ward
47%
3 71 NOR RB Kendre Miller
47%
6 203 BUF WR Marquez Stevenson
47%
3 99 DAL DB Nahshon Wright
47%
4 120 NE RB Rhamondre Stevenson
47%
7 240 NOR QB Tommy Stevens
47%
3 81 TEN RB Tyjae Spears
47%
3 106 BAL OT Tyre Phillips
47%
2 56 CHI CB Tyrique Stevenson
47%
4 121 JAX LB Ventrell Miller
47%
1 15 NYJ DE Will McDonald
47%
6 215 LAR RB Zach Evans
47%
2 62 GB RB AJ Dillon
44%
2 53 IND WR Alec Pierce
44%
5 166 KC DE BJ Thompson
44%
4 106 TEN LB Cedric Gray
44%
7 224 TEN QB Cole McDonald
44%
4 107 HOU RB Dameon Pierce
44%
3 105 SF WR Danny Gray
44%
5 172 NYG RB Eric Gray
44%
1 6 CAR OT Ikem Ekwonu
44%
2 36 MIA S Jevon Holland
44%
3 79 IND WR Josh Downs
44%
5 151 SEA DE Mike Morris
44%
5 162 KC TE Noah Gray
44%
2 55 PIT TE Pat Freiermuth
44%
5 153 SEA CB Riq Woolen
44%
5 173 SF OLB Robert Beal
44%
7 247 MIA QB Skylar Thompson
44%
5 150 NOR QB Spencer Rattler
44%
3 88 JAX RB Tank Bigsby
44%
3 92 KC OL Wanya Morris
44%
2 47 LAC DB Asante Samuel Jr.
41%
2 61 JAX TE Brenton Strange
41%
1 24 NOR C Cesar Ruiz
41%
1 29 NE OL Cole Strange
41%
1 19 LV CB Damon Arnette
41%
1 28 GB DT Devonte Wyatt
41%
6 192 SEA CB D.J. James
41%
4 110 NE WR Javon Baker
41%
7 255 NOR WR Kawaan Baker
41%
2 64 TB QB Kyle Trask
41%
2 37 PHI OL Landon Dickerson
41%
5 144 WAS QB Sam Howell
41%
2 48 SF OL Aaron Banks
38%
3 101 SF TE Cameron Latu
38%
2 63 KC OL Creed Humphrey
38%
1 24 NYG DB Deonte Banks
38%
3 68 DET QB Hendon Hooker
38%
4 139 BAL TE Isaiah Likely
38%
4 125 NYJ QB James Morgan
38%
5 175 NOR LB Jaylan Ford
38%
1 31 MIN CB Jeff Gladney
38%
5 156 CLE RB Jerome Ford
38%
7 234 GB DT Jonathan Ford
38%
1 25 GB OL Jordan Morgan
38%
1 15 IND DL Laiatu Latu
38%
3 83 PHI LB Nakobe Dean
38%
1 30 BAL CB Nate Wiggins
38%
3 83 DEN DB Riley Moss
38%
1 24 DET DB Terrion Arnold
38%
1 25 BAL OL Tyler Linderbaum
38%
2 36 NYG S Xavier McKinney
38%
3 86 BUF RB Zack Moss
38%
3 66 WAS RB Antonio Gibson
35%
5 184 BAL FB Ben Mason
35%
2 45 DET DB Brian Branch
35%
5 173 CHI WR Darnell Mooney
35%
7 251 KC RB Isiah Pacheco
35%
7 243 ARI S James Wiggins
35%
3 73 IND TE Jelani Woods
35%
2 39 CAR WR Jonathan Mingo
35%
3 77 LAC WR Josh Palmer
35%
3 79 LAC S JT Woods
35%
7 255 GB CB Kalen King
35%
5 148 BUF WR Khalil Shakir
35%
1 20 JAX DE K'Lavon Chaisson
35%
2 41 NOR DB Kool-Aid McKinstry
35%
1 21 IND DL Kwity Paye
35%
2 37 NE S Kyle Dugger
35%
1 13 GB DL Lukas Van Ness
35%
3 100 WAS WR Luke McCaffrey
35%
6 202 CLE WR Michael Woods II
35%
7 221 CAR CB Stantley Thomas-Oliver
35%
6 191 ARI WR Tejhaun Palmer
35%
3 66 ARI RB Trey Benson
35%
6 191 TB WR Trey Palmer
35%
7 240 WAS OLB William Bradley-King
35%
3 87 NE LB Anfernee Jennings
32%
3 83 LAR RB Blake Corum
32%
2 40 SEA DE Boye Mafe
32%
4 125 TB RB Bucky Irving
32%
4 106 TB TE Cade Otton
32%
2 51 PHI OL Cam Jurgens
32%
4 120 NYJ OL Carter Warren
32%
3 74 CLE WR Cedric Tillman
32%
6 221 CHI WR Dazz Newsome
32%
6 210 NE WR Demario Douglas
32%
4 109 TEN WR Dez Fitzpatrick
32%
1 16 WAS CB Emmanuel Forbes
32%
2 44 CLE S Grant Delpit
32%
1 26 CLE DB Greg Newsome II
32%
4 131 TEN RB Hassan Haskins
32%
3 68 ATL OL Jalen Mayfield
32%
7 217 SF WR Jauan Jennings
32%
6 213 ATL TE John FitzPatrick
32%
2 62 GB C Josh Myers
32%
3 94 CAR QB Matt Corral
32%
3 72 SEA OL Abraham Lucas
29%
3 96 DET DT Brodric Martin
29%
7 237 DET DB Chase Lucas
29%
1 23 MIN OL Christian Darrisaw
29%
4 126 CAR RB Chuba Hubbard
29%
4 109 SEA CB Coby Bryant
29%
1 27 JAX LB Devin Lloyd
29%
3 67 DEN LB Drew Sanders
29%
1 26 TB OL Graham Barton
29%
1 30 BUF DL Gregory Rousseau
29%
4 115 CLE TE Harrison Bryant
29%
4 101 CAR TE Ja'Tavion Sanders
29%
1 7 TEN OL JC Latham
29%
5 175 GB LB Kamal Martin
29%
2 46 DEN WR KJ Hamler
29%
2 49 CIN DL Kris Jenkins
29%
2 42 JAX WR Laviska Shenault Jr.
29%
3 88 GB RB MarShawn Lloyd
29%
7 230 MIN OL Michael Jurgens
29%
3 100 ARI DE Myjai Sanders
29%
2 58 KC LB Nick Bolton
29%
1 31 BAL DE Odafe Oweh
29%
1 11 NYJ OL Olumuyiwa Fashanu
29%
2 47 WAS DB Quan Martin
29%
2 39 CHI OL Teven Jenkins
29%
1 19 NOR OT Trevor Penning
29%
2 38 TEN DL T'Vondre Sweat
29%
1 29 DAL OL Tyler Guyton
29%
5 166 NYG RB Tyrone Tracy Jr.
29%
4 135 LV QB Aidan O'Connell
26%
1 17 LV OL Alex Leatherwood
26%
4 108 SEA OL Anthony Bradford
26%
7 229 SEA WR Bo Melton
26%
1 29 NOR DT Bryan Bresee
26%
3 68 NE OL Caedan Wallace
26%
1 22 TEN DB Caleb Farley
26%
1 19 TB DL Calijah Kancey
26%
7 247 NYG CB Chris Williamson
26%
3 99 CLE WR David Bell
26%
5 159 GB WR Dontayvion Wicks
26%
2 56 SEA WR D'Wayne Eskridge
26%
2 59 MIN OG Ed Ingram
26%
1 31 KC DE Felix Anudike-Uzomah
26%
4 133 NOR QB Ian Book
26%
4 115 DAL LB Jabril Cox
26%
7 231 NE TE Jaheim Bell
26%
4 107 NE OL Jake Andrews
26%
3 73 NYG WR Jalin Hyatt
26%
4 130 MIN DT James Lynch
26%
3 80 CIN WR Jermaine Burton
26%
6 201 ARI RB Keaontay Ingram
26%
7 258 CHI S Kendall Williamson
26%
5 150 PHI RB Kenneth Gainwell
26%
4 127 PHI S K'Von Wallace
26%
2 43 ARI DB Max Melton
26%
7 245 GB QB Michael Pratt
26%
7 253 SF WR Ronnie Bell
26%
1 14 NOR OL Taliese Fuaga
26%
7 218 CHI DL Travis Bell
26%
3 72 CAR LB Trevin Wallace
26%
4 131 BAL WR Tylan Wallace
26%
5 151 ATL RB Tyler Allgeier
26%
2 63 KC LB Willie Gay Jr.
26%
4 123 PHI DB Zech McPhearson
26%
4 121 SEA TE AJ Barner
24%
3 85 GB WR Amari Rodgers
24%
4 139 LV CB Amik Robertson
24%
6 207 GB K Anders Carlson
24%
2 39 LAR DL Braden Fiske
24%
4 129 NYJ OT Cameron Clark
24%
6 212 JAX K Cam Little
24%
4 119 KC DB Chamarri Conner
24%
6 193 WAS RB Chris Rodriguez
24%
5 176 DAL LB Damone Clark
24%
5 138 IND DB Darius Rush
24%
5 167 DAL DB DaRon Bland
24%
5 147 NYG DT D.J. Davidson
24%
5 149 CIN K Evan McPherson
24%
6 211 IND CB Isaiah Rodgers
24%
4 104 LV DB Jakorian Bennett
24%
2 48 CHI S Jaquan Brisker
24%
5 172 DET RB Jason Huntley
24%
2 36 WAS DL Jer'Zhan Newton
24%
1 32 TB OLB Joe Tryon-Shoyinka
24%
5 149 CIN CB Josh Newton
24%
3 85 IND S Julian Blackmon
24%
2 42 HOU DB Kamari Lassiter
24%
6 187 NE WR Kayshon Boutte
24%
6 180 ARI DB Kei'Trel Clark
24%
5 163 TEN WR Kyle Philips
24%
5 157 BAL CB Kyu Blu Kelly
24%
7 232 MIN DT Levi Drake Rodriguez
24%
1 32 MIN DB Lewis Cine
24%
2 58 DAL TE Luke Schoonmaker
24%
6 188 DET LB Malcolm Rodriguez
24%
2 47 ATL DE Marlon Davidson
24%
3 68 CLE CB Martin Emerson
24%
3 102 MIN CB Mekhi Blackmon
24%
6 200 NE DE Sam Roberts
24%
5 154 JAX RB Snoop Conner
24%
4 128 LAR QB Stetson Bennett
24%
1 20 PIT OL Troy Fautanu
24%
2 57 LAR WR Tutu Atwell
24%
2 45 JAX OT Walker Little
24%
5 168 MIN TE Zach Davidson
24%
2 51 PIT OL Zach Frazier
24%
4 140 GB OL Zach Tom
24%
3 74 NOR LB Zack Baun
24%
7 252 BUF DB Alex Austin
21%
4 142 WAS WR Antonio Gandy-Golden
21%
2 53 WAS TE Ben Sinnott
21%
4 136 LAR TE Brycen Hopkins
21%
4 138 PIT WR Calvin Austin III
21%
2 60 CIN CB Cam Taylor-Britt
21%
4 112 NE K Chad Ryland
21%
4 143 TEN TE Chigoziem Okonkwo
21%
2 60 BUF S Cole Bishop
21%
1 29 GB DB Eric Stokes
21%
2 37 HOU S Jalen Pitre
21%
3 88 DAL WR Jalen Tolbert
21%
5 164 IND S Jaylin Simpson
21%
2 64 CAR S Jeremy Chinn
21%
4 109 LV OG John Simpson
21%
6 207 NYJ DL Jonathan Marshall
21%
6 199 LAR S Jordan Fuller
21%
1 23 BUF CB Kaiir Elam
21%
3 66 MIN QB Kellen Mond
21%
2 44 DAL DB Kelvin Joseph
21%
3 97 DET DB Kerby Joseph
21%
5 136 SEA CB Nehemiah Pritchett
21%
2 40 ATL DB Richie Grant
21%
2 59 CAR WR Terrace Marshall Jr.
21%
3 86 BAL LB Trenton Simpson
21%
2 58 ATL LB Troy Andersen
21%
4 102 DEN WR Troy Franklin
21%
2 47 NYG DB Tyler Nubin
21%
2 42 MIN CB Andrew Booth
18%
5 144 CHI DL Austin Booker
18%
2 50 NYG OLB Azeez Ojulari
18%
7 231 DAL QB Ben DiNucci
18%
2 41 ARI DE BJ Ojulari
18%
7 252 LAR DE Chris Garrett
18%
2 38 NE DL Christian Barmore
18%
7 244 ARI DB Christian Matthew
18%
3 73 DAL OL Cooper Beebe
18%
6 212 BUF DB Damar Hamlin
18%
5 158 IND S Daniel Scott
18%
6 212 DAL RB Deuce Vaughn
18%
4 109 HOU DL Dylan Horton
18%
2 61 DET DB Ennis Rakestraw
18%
6 178 DAL DB Eric Scott
18%
3 81 MIA TE Hunter Long
18%
4 127 NOR QB Jake Haener
18%
2 52 CLE LB Jeremiah Owusu-Koramoah
18%
6 193 NE QB Joe Milton
18%
2 44 HOU WR John Metchie
18%
3 88 CLE DT Jordan Elliott
18%
4 137 JAX CB Josiah Scott
18%
2 62 HOU OL Juice Scruggs
18%
2 44 IND DB Julius Brents
18%
3 99 LAR S Kamren Kinchens
18%
7 237 SEA RB Kenny McIntosh
18%
3 76 TB RB Ke'Shawn Vaughn
18%
6 181 LAC RB Kimani Vidal
18%
2 63 KC OL Kingsley Suamataia
18%
3 65 NYJ WR Malachi Corley
18%
2 38 ATL OL Matthew Bergeron
18%
2 50 WAS DB Mike Sainristil
18%
2 64 DEN OLB Nik Bonitto
18%
1 30 MIA CB Noah Igbinoghene
18%
2 35 ATL DT Ruke Orhorhoro
18%
3 92 GB OL Sean Rhyan
18%
2 36 LAR C Steve Avila
18%
6 188 PHI QB Tanner McKee
18%
5 150 HOU DE Thomas Booker
18%
5 169 MIN RB Ty Chandler
18%
4 133 CHI WR Tyler Scott
18%
2 50 NE WR Tyquan Thornton
18%
4 118 SEA LB Tyrice Knight
18%
7 236 GB S Vernon Scott
18%
4 127 PHI RB Will Shipley
18%
3 105 NOR TE Adam Trautman
15%
3 102 PIT LB Alex Highsmith
15%
7 248 TB DE Andre Anthony
15%
6 206 CIN WR Andrei Iosivas
15%
2 38 ATL DE Arnold Ebiketie
15%
4 137 NE QB Bailey Zappe
15%
3 105 DEN LB Baron Browning
15%
2 59 HOU OL Blake Fisher
15%
3 74 ATL DE Bralen Trice
15%
6 192 NE P Bryce Baringer
15%
5 174 DAL DB Caelen Carson
15%
4 128 BAL TE Charlie Kolar
15%
6 190 SF TE Charlie Woerner
15%
5 157 CAR DB Chau Smith-Wade
15%
7 230 WAS OL Chris Paul
15%
4 142 LAR DB Cobie Durant
15%
6 208 PIT TE Connor Heyward
15%
3 81 NYG CB Cordale Flott
15%
5 181 KC WR Cornell Powell
15%
7 241 PIT CB Cory Trice
15%
7 224 CIN S Daijahn Anthony
15%
4 115 DEN DB Damarri Mathis
15%
4 112 NYG TE Daniel Bellinger
15%
2 45 BAL LB David Ojabo
15%
3 90 DAL LB DeMarvion Overshown
15%
3 86 SF OL Dominick Puni
15%
5 161 WAS CB Dominique Hampton
15%
3 90 LV OL Dylan Parham
15%
7 254 CHI S Elijah Hicks
15%
7 232 DEN CB Faion Hicks
15%
7 219 BAL S Geno Stone
15%
2 53 CHI DL Gervon Dexter
15%
4 129 SF RB Isaac Guerendo
15%
4 133 KC DB Jaden Hicks
15%
7 255 SF S Jalen Graham
15%
6 201 HOU OL Jarrett Patterson
15%
7 257 NYJ S Jaylen Key
15%
4 124 WAS TE John Bates
15%
2 57 NYG OL John Michael Schmitz
15%
3 76 DEN DE Jonah Elliss
15%
2 49 PIT NT Keeanu Benton
15%
4 105 PHI DB Kelee Ringo
15%
5 176 MIN WR K.J. Osborn
15%
2 61 TEN CB Kristian Fulton
15%
3 83 DEN C Lloyd Cushenberry III
15%
3 76 NE DB Marte Mapu
15%
5 175 LV DT Matthew Butler
15%
7 239 LAC QB Max Duggan
15%
5 158 MIA DL Mohamed Kamara
15%
7 244 MIN QB Nate Stanley
15%
5 161 LAR OLB Nick Hampton
15%
4 132 PIT OLB Nick Herbig
15%
3 71 BAL DT Nnamdi Madubuike
15%
6 189 LAR DE Ochaun Mathis
15%
2 59 BUF OL O'Cyrus Torrence
15%
3 75 DAL DL Osa Odighizuwa
15%
2 55 MIA OL Patrick Paul
15%
4 113 WAS S Percy Butler
15%
2 60 NOR LB Pete Werner
15%
2 47 WAS DT Phidarian Mathis
15%
4 127 NE RB Pierre Strong
15%
2 35 TEN CB Roger McCreary
15%
7 255 NYG LB Tae Crowder
15%
5 148 ATL DL Ta'Quon Graham
15%
6 228 CHI CB Thomas Graham
15%
2 43 LV S Tre'von Moehrig
15%
4 130 JAX DE Tyler Lacy
15%
3 93 SF RB Tyrion Davis-Price
15%
6 203 MIN K Will Reichard
15%
2 38 CAR DE Yetur Gross-Matos
15%
5 157 TB DB Zyon McCollum
15%
2 54 BUF DE A.J. Epenesa
12%
3 72 DET DT Alim McNeill
12%
5 142 IND WR Anthony Gould
12%
3 91 CLE WR Anthony Schwartz
12%
3 94 BAL OL Ben Cleveland
12%
3 104 BAL CB Brandon Stephens
12%
4 123 HOU TE Cade Stover
12%
4 124 CLE K Cade York
12%
3 78 HOU S Calen Bullock
12%
3 89 MIN CB Cameron Dantzler
12%
5 140 LAC CB Cam Hart
12%
4 114 CAR OG Chandler Zavala
12%
7 241 TB LB Chapelle Russell
12%
3 81 SEA OL Christian Haynes
12%
7 240 WAS CB Christian Holmes
12%
2 48 TB OT Cody Mauch
12%
3 85 LAC LB Daiyan Henley
12%
4 110 NYG CB Darnay Holmes
12%
7 236 LAC DB Deane Leonard
12%
5 153 JAX CB Deantre Prince
12%
5 172 SF CB Deommodore Lenoir
12%
6 212 LAR DB Derion Kendrick
12%
4 113 DET DE Derrick Barnes
12%
7 235 DEN WR Devaughn Vele
12%
7 246 TB TE Devin Culp
12%
5 176 IND RB Evan Hull
12%
2 58 MIN OT Ezra Cleveland
12%
3 80 DEN TE Greg Dulcich
12%
2 46 CIN OT Jackson Carman
12%
6 191 MIN WR Jalen Nailor
12%
6 217 DET LB James Houston
12%
4 131 KC TE Jared Wiley
12%
2 43 NYJ OL Joe Tippmann
12%
3 90 HOU DE Jonathan Greenard
12%
3 95 CIN DB Jordan Battle
12%
5 156 LAC OL Jordan McFadden
12%
4 138 DAL OL Josh Ball
12%
2 46 DET DE Josh Paschal
12%
6 209 LAR K Joshua Karty
12%
2 60 NE LB Josh Uche
12%
7 244 DAL DL Justin Rogers
12%
5 150 BUF WR Justin Shorter
12%
7 242 CAR CB Kalon Barnes
12%
6 199 NOR DL Khristian Boyd
12%
2 42 MIA OL Liam Eichenberg
12%
4 138 KC S L'Jarius Sneed
12%
6 178 PIT DL Logan Lee
12%
5 145 JAX TE Luke Farrell
12%
2 57 TB OL Luke Goedeke
12%
6 189 PHI DL Marlon Tuipulotu
12%
6 180 BUF P Matt Araiza
12%
7 237 CIN C Matt Lee
12%
5 146 NYG LB Micah McFadden
12%
7 240 CAR LB Michael Barrett
12%
5 177 KC DE Michael Danna
12%
5 167 LV CB Nate Hobbs
12%
4 126 LV DT Neil Farrell
12%
3 98 DEN C Quinn Meinerz
12%
5 165 BAL RB Rasheen Ali
12%
2 62 BAL OL Roger Rosengarten
12%
2 51 WAS OL Samuel Cosmi
12%
4 117 NE OL Sidy Sow
12%
5 180 SF S Talanoa Hufanga
12%
3 89 BUF LB Terrel Bernard
12%
3 82 ARI TE Tip Reiman
12%
6 211 IND LB Titus Leo
12%
4 130 BAL DB T.J. Tampa
12%
5 148 LV LB Tommy Eichenberg
12%
3 83 CAR TE Tommy Tremble
12%
6 182 LAR CB Tre'Vius Tomlinson
12%
2 54 LAC DL Tuli Tuipulotu
12%
6 188 BUF K Tyler Bass
12%
7 252 DEN WR Tyrie Cleveland
12%
6 184 MIN OL Vederian Lowe
12%
5 136 JAX LB Yasir Abdullah
12%
6 184 NYJ LB Zaire Barnes
12%
7 229 BAL OL Andrew Vorhees
9%
5 147 DEN RB Audric Estime
9%
3 77 IND OL Bernhard Raimann
9%
4 106 IND OL Blake Freeland
9%
2 61 BUF DL Boogie Basham
9%
6 191 NYJ P Braden Mann
9%
5 170 NOR WR Bub Means
9%
3 70 JAX LB Chad Muma
9%
2 57 TB LB Chris Braswell
9%
6 202 JAX DB Christian Braswell
9%
7 248 KC OG C.J. Hanson
9%
5 171 BAL DL Daelin Hayes
9%
4 110 BAL OT Daniel Faalele
9%
2 54 IND DL Dayo Odeyingbo
9%
4 144 SEA RB DeeJay Dallas
9%
3 77 LV OL Delmar Glaze
9%
6 218 BAL QB Devin Leary
9%
2 53 TEN OT Dillon Radunz
9%
4 114 ATL C Drew Dalman
9%
6 208 LV RB Dylan Laube
9%
3 100 TEN DB Elijah Molden
9%
4 126 DET OL Giovanni Manu
9%
6 198 PHI TE Grant Calcaterra
9%
5 167 HOU LB Henry To'oTo'o
9%
7 245 NE CB Isaiah Bolden
9%
2 40 NOR DL Isaiah Foskey
9%
4 135 SF WR Jacob Cowing
9%
4 133 TB P Jake Camarda
9%
6 208 GB C Jake Hanson
9%
5 156 CLE WR Jamari Thrash
9%
2 58 GB DB Javon Bullard
9%
5 168 BUF DE Javon Solomon
9%
4 134 ATL S Jaylinn Hawkins
9%
5 155 PHI LB Jeremiah Trotter Jr.
9%
4 141 HOU CB John Reid
9%
4 122 ARI OL Jon Gaines
9%
4 130 BAL P Jordan Stout
9%
5 171 NYJ QB Jordan Travis
9%
6 181 TB CB Josh Hayes
9%
3 67 NYG OL Joshua Ezeudu
9%
3 69 LAC LB Junior Colson
9%
7 216 WAS S Kamren Curl
9%
3 75 CHI OL Kiran Amegadjie
9%
5 145 DEN DB Kris Abrams-Draine
9%
4 127 IND TE Kylen Granson
9%
3 103 KC LB Leo Chenal
9%
2 41 DET DL Levi Onwuzurike
9%
3 87 DAL LB Marist Liufau
9%
7 241 LAC DB Mark Webb
9%
7 257 ARI OL Marquis Hayes
9%
7 253 DEN DE Marquiss Spencer
9%
2 56 DAL DL Marshawn Kneeland
9%
4 119 PIT OL Mason McCormick
9%
3 79 IND OL Matt Goncalves
9%
3 82 DAL DT Neville Gallimore
9%
3 69 TEN OT Nicholas Petit-Frere
9%
5 171 TB TE Payne Durham
9%
6 200 PHI WR Quez Watkins
9%
3 96 NE DE Ronnie Perkins
9%
4 142 GB OG Royce Newman
9%
6 195 HOU DL Roy Lopez
9%
6 216 DAL WR Ryan Flournoy
9%
7 238 MIA OL Ryan Hayes
9%
5 160 BAL CB Shaun Wade
9%
3 98 CLE DL Siaki Ika
9%
5 179 DAL WR Simi Fehoko
9%
5 153 TB LB SirVocea Dennis
9%
5 137 LAC DB Tarheeb Still
9%
5 170 HOU TE Teagan Quitoriano
9%
6 209 NYG CB Tre Hawkins
9%
3 88 SF RB Trey Sermon
9%
6 196 BAL RB Tyler Badie
9%
4 146 DAL C Tyler Biadasz
9%
3 65 PHI OL Tyler Steen
9%
4 129 DAL DL Viliami Fehoko
9%
6 177 MIN OL Walter Rouse
9%
6 197 NE OL William Sherman
9%
3 82 TB DL YaYa Diaby
9%
3 85 CLE OL Zak Zinter
9%
4 110 IND DL Adetomiwa Adebawore
6%
3 93 BAL DE Adisa Isaac
6%
4 107 CIN LB Akeem Davis-Gaither
6%
7 257 DEN OL Alex Forsyth
6%
6 189 CAR DE Amare Barno
6%
3 65 JAX DB Andre Cisco
6%
6 192 IND TE Andrew Ogletree
6%
5 144 NE OL Atonio Mafi
6%
6 195 NOR WR A.T. Perry
6%
3 70 CAR OL Brady Christensen
6%
4 109 ATL DE Brandon Dorlus
6%
6 184 CAR DT Bravvion Roy
6%
3 66 MIN LB Brian Asamoah
6%
6 225 WAS LS Camaron Cheeseman
6%
4 125 MIN CB Camryn Bynum
6%
7 232 GB DB Carrington Valentine
6%
3 102 MIA LB Channing Tindall
6%
6 185 BUF DB Christian Benford
6%
6 210 DET OL Christian Mahogany
6%
5 139 ARI QB Clayton Tune
6%
4 133 SEA TE Colby Parkinson
6%
4 136 CIN OT Cordell Volson
6%
4 104 ARI DB Dadrion Taylor-Demerson
6%
3 101 NE TE Dalton Keene
6%
4 114 NYG DB Dane Belton
6%
6 182 NYG LB Darrian Beavers
6%
5 163 WAS S Darrick Forrest
6%
3 82 ATL DE DeAngelo Malone
6%
6 216 SF LB Dee Winters
6%
5 152 DEN S Delarrin Turner-Yell
6%
3 84 PIT DT DeMarvin Leal
6%
3 91 NE TE Devin Asiasi
6%
3 80 LV DB Divine Deablo
6%
6 190 PHI OL Dylan McMahon
6%
5 160 BUF LB Edefuan Ulofoshio
6%
4 125 MIA WR Erik Ezukanma
6%
4 116 DEN DE Eyioma Uwazurike
6%
7 254 NYG DB Gervarrius Owens
6%
7 256 GB WR Grant Dubose
6%
6 180 CIN OT Hakeem Adeniji
6%
5 159 KC OL Hunter Nourzad
6%
3 101 DET DB Ifeatu Melifonwu
6%
6 207 BUF WR Isaiah Hodgins
6%
4 123 LAC RB Isaiah Spiller
6%
4 122 IND QB Jacob Eason
6%
5 163 GB OL Jacob Monk
6%
6 200 CAR DT Jaden Crumedy
6%
5 167 BUF QB Jake Fromm
6%
7 233 LAR RB Jake Funk
6%
6 189 JAX QB Jake Luton
6%
6 195 LAC OL Jamaree Salyer
6%
4 110 CLE OL James Hudson
6%
5 141 MIN DT Jaquelin Roy
6%
6 215 SF OL Jarrett Kingston
6%
6 186 ATL RB Jase McClellan
6%
4 114 JAX OL Javon Foster
6%
7 252 TEN DE Jaylen Harrell
6%
5 143 ATL LB JD Bertrand
6%
3 101 NYJ TE Jeremy Ruckert
6%
6 183 DEN S JL Skinner
6%
5 178 DAL DT John Ridgeway
6%
5 139 WAS LB Jordan Magee
6%
6 213 LAR WR Jordan Whittington
6%
7 243 NYG DL Jordon Riley
6%
3 67 DET DE Julian Okwara
6%
5 159 NE K Justin Rohrwasser
6%
5 178 DEN LB Justin Strnad
6%
6 211 KC DB Kamal Hadden
6%
5 162 WAS LB Khaleke Hudson
6%
5 147 CIN DE Khalid Kareem
6%
5 179 GB DE Kingsley Enagbare
6%
5 176 TB LB K.J. Britt
6%
6 218 TB TE Ko Kieft
6%
3 104 LAR OL Logan Bruss
6%
3 96 KC OT Lucas Niang
6%
3 65 JAX OG Luke Fortner
6%
3 80 LV WR Lynn Bowden Jr.
6%
7 246 MIA RB Malcolm Perry
6%
4 124 SF DB Malik Mustapha
6%
6 180 NE DB Marcellas Dial
6%
7 215 CIN LB Markus Bailey
6%
3 78 ATL C Matt Hennessy
6%
3 99 NYG OT Matt Peart
6%
6 189 DET DT Mekhi Wingo
6%
6 201 IND CB Micah Abraham
6%
6 182 NE OG Michael Onwenu
6%
4 117 NYJ DT Micheal Clemons
6%
7 229 LV DB M.J. Devonshire
6%
7 227 CLE DB Myles Harden
6%
4 103 NOR OL Nick Saldiveri
6%
5 154 SEA C Olusegun Oluwatimi
6%
5 160 LAC DT Otito Ogbonnia
6%
6 198 MIA DB Patrick McMorris
6%
3 76 NOR CB Paulson Adebo
6%
4 108 CLE DT Perrion Winfrey
6%
7 254 PIT P Pressley Harvin III
6%
6 211 LAR DB Quentin Lake
6%
5 176 NYJ CB Qwan'tez Stiggers
6%
3 97 WAS OL Ricky Stromberg
6%
2 40 HOU DT Ross Blacklock
6%
4 108 WAS OT Saahdiq Charles
6%
6 218 IND QB Sam Ehlinger
6%
7 258 GB WR Samori Toure
6%
7 250 BAL S Sanoussi Kane
6%
6 179 SEA OL Sataoa Laumea
6%
5 149 GB QB Sean Clifford
6%
4 140 JAX LB Shaquille Quarterman
6%
6 196 PHI LB Shaun Bradley
6%
5 178 GB DB Shemar Jean-Charles
6%
4 134 SF OL Spencer Burford
6%
6 208 SEA OL Stone Forsythe
6%
6 194 CIN TE Tanner McLachlan
6%
7 251 SF LB Tatum Bethune
6%
3 104 LAR S Terrell Burgess
6%
5 161 BUF OL Tommy Doyle
6%
7 221 BUF OT Travis Clayton
6%
7 255 CHI P Trenton Gill
6%
6 204 BUF OL Tylan Grable
6%
3 91 GB LB Ty'Ron Hopper
6%
5 162 IND TE Will Mallory
6%
7 220 NYJ TE Zack Kuntz
6%
7 261 LAR OT AJ Arcuri
3%
4 118 DEN TE Albert Okwuegbunam
3%
6 203 LV LB Amari Burney
3%
7 245 NE OL Andrew Stueber
3%
4 124 PIT RB Anthony McFarland Jr.
3%
7 231 BUF LB Baylon Spector
3%
6 217 LAR OL Beaux Limmer
3%
3 74 WAS DB Benjamin St-Juste
3%
7 249 LAR WR Ben Skowronek
3%
6 203 MIN OT Blake Brandel
3%
6 199 CAR OL Cade Mays
3%
7 224 MIA OLB Cameron Goode
3%
4 111 CIN DE Cameron Sample
3%
7 218 NYG LB Carter Coughlin
3%
4 126 HOU OT Charlie Heck
3%
6 210 NE OG Chasen Hines
3%
3 78 MIN LB Chazz Surratt
3%
7 241 PIT QB Chris Oladokun
3%
4 118 LAC DE Chris Rumph
3%
7 228 TEN WR Colton Dowell
3%
7 226 JAX OL Cooper Hodges
3%
6 219 BUF CB Daequan Hardy
3%
7 235 LAR LB Daniel Hardy
3%
5 145 KC OT Darian Kinnard
3%
6 183 NYG LB Darius Muasau
3%
5 155 SF CB Darrell Luter
3%
5 158 CAR DT Daviyon Nixon
3%
6 211 CLE RB Demetric Felton
3%
7 240 JAX DL Derek Parish
3%
3 92 BAL WR Devin Duvernay
3%
6 193 DAL LB Devin Harper
3%
6 212 IND WR Dezmon Patmon
3%
7 246 CIN CB DJ Ivey
3%
4 117 MIN DE D.J. Wonnum
3%
6 220 TB OG Elijah Klein
3%
7 222 ARI RB Eno Benjamin
3%
5 165 MIN DT Esezi Otomewo
3%
6 196 NYG RB Gary Brightwell
3%
7 259 TB LB Grant Stuard
3%
5 157 MIN WR Ihmir Smith-Marsette
3%
5 171 HOU WR Isaiah Coulter
3%
5 156 PIT DE Isaiahh Loudermilk
3%
4 126 CLE DL Isaiah McGuire
3%
5 143 NYJ RB Israel Abanikanda
3%
3 79 NYJ DE Jabari Zuniga
3%
4 129 TB WR Jaelon Darden
3%
6 186 TEN OL Jaelyn Duncan
3%
6 201 BAL WR James Proche
3%
5 146 TEN DB Jarvis Brownlee
3%
5 175 NYJ CB Jason Pinnock
3%
7 222 WAS DL Javontae Jean-Baptiste
3%
5 151 IND DB Jaylon Carlies
3%
4 106 JAX DL Jay Tufele
3%
7 252 CIN OLB Jeff Gunter
3%
6 197 DET DT John Penisini
3%
7 234 IND DL Jonah Laulu
3%
6 192 GB OT Jon Runyan Jr.
3%
3 69 CIN LB Joseph Ossai
3%
6 196 TB DL Jose Ramirez
3%
6 205 MIN S Josh Metellus
3%
4 144 KC DE Joshua Kaindoh
3%
4 112 LAC RB Joshua Kelley
3%
5 147 TEN TE Josh Whyle
3%
3 94 GB TE Josiah Deguara
3%
7 239 NOR OT Josiah Ezirim
3%
7 243 CLE DE Jowon Briggs
3%
4 105 LAC DL Justin Eboigbe
3%
6 190 ATL OL Justin Shaffer
3%
7 237 DEN CB Kary Vincent Jr.
3%
6 194 KC DT Keondre Coburn
3%
5 169 GB DB Kitan Oladapo
3%
7 254 LAR OL KT Leveston
3%
7 253 MIN OG Kyle Hinton
3%
4 120 NYJ RB La'Mical Perine
3%
7 235 GB RB Lew Nichols
3%
5 171 DEN OL Luke Wattenberg
3%
6 190 CLE OL Luke Wypler
3%
6 199 BAL OL Malaesala Aumavae-Laulu
3%
3 79 LV DE Malcolm Koonce
3%
5 173 NYG OL Marcus McKethan
3%
5 155 DAL OL Matt Waletzko
3%
6 207 SEA OT Michael Jerrell
3%
3 77 DEN CB Michael Ojemudia
3%
7 249 PHI DE Moro Ojomo
3%
7 231 LV DT Nesta Jade Silvera
3%
7 230 BUF OL Nick Broeker
3%
7 256 DEN OL Nick Gargiulo
3%
7 227 MIN TE Nick Muse
3%
6 185 LAC LB Nick Niemann
3%
7 228 BAL C Nick Samac
3%
6 187 SF OL Nick Zakelj
3%
5 168 ARI LB Owen Pappoe
3%
6 216 PIT DL Quincy Roche
3%
7 253 LAR DB Russ Yeast
3%
7 248 LAR K Sam Sloman
3%
5 172 SF CB Samuel Womack
3%
6 200 LAC DT Scott Matlock
3%
5 141 BUF OL Sedrick Van Pran-Granger
3%
5 150 NYG OG Shane Lemieux
3%
4 132 DET S Sione Vaki
3%
7 238 HOU DE Solomon Byrd
3%
7 251 SEA TE Stephen Sullivan
3%
7 228 ATL P Sterling Hofrichter
3%
3 100 LV S Tanner Muse
3%
4 117 IND OL Tanor Bortolini
3%
7 228 GB DB Tariq Carpenter
3%
6 223 ARI DB Tay Gowan
3%
5 173 GB DL Tedarrell Slaton
3%
7 237 KC CB Thakarius Keyes
3%
7 238 LV OL Thayer Munford
3%
6 222 CAR LS Thomas Fletcher
3%
6 202 GB OT Travis Glover
3%
3 97 LAC TE Tre' McKitty
3%
7 242 NE WR Tre Nixon
3%
5 155 CHI DE Trevis Gipson
3%
5 172 PHI OL Trevor Keegan
3%
4 122 CIN DT Tyler Shelvin
3%
5 174 LAR OL Warren McClendon
3%
7 235 CIN DE Wyatt Hubert
3%
6 197 ATL DL Zion Logue
3%
5 182 ATL DL Adetokunbo Ogundeji
0%
6 186 LAC S Alohi Gilman
0%
6 214 NE CB Ameer Speed
0%
7 226 CHI OT Arlington Hambright
0%
6 205 HOU OT Austin Deculus
0%
4 116 JAX OG Ben Bartch
0%
4 143 BAL OG Ben Bredeson
0%
5 179 DAL DE Bradlee Anae
0%
6 215 TEN S Brady Breeze
0%
6 200 NYJ CB Brandin Echols
0%
5 159 LAC OL Brenden Jaimes
0%
5 152 DEN DB Caden Sterns
0%
5 177 NE LB Cameron McGrone
0%
7 233 PHI DE Casey Toohill
0%
6 204 NE LB Cassh Maluia
0%
3 84 DAL DL Chauncey Golston
0%
7 223 JAX CB Chris Claybrooks
0%
7 251 TB DB Chris Wilcox
0%
5 152 DET OL Colby Sorsdal
0%
4 116 GB DE Colby Wooden
0%
6 214 GB OL Cole Van Lanen
0%
5 153 SF OT Colton McKivitz
0%
5 164 MIA DE Curtis Weaver
0%
5 149 IND OG Danny Pinter
0%
6 213 ARI DT Dante Stills
0%
7 246 CLE OL Dawson Deaton
0%
7 258 WAS WR Dax Milne
0%
7 224 ATL DB DeMarcco Hellams
0%
7 254 DEN LB Derrek Tuszka
0%
6 207 CHI OL Doug Kramer
0%
7 230 NE C Dustin Woodard
0%
6 208 JAX DB Erick Hallett
0%
6 202 ARI LB Evan Weaver
0%
6 187 ATL WR Frank Darby
0%
6 214 SEA WR Freddie Swain
0%
5 170 HOU LB Garret Wallow
0%
7 244 MIA RB Gerrid Doaks
0%
6 197 JAX CB Gregory Junior
0%
6 186 NYJ DB Hamsah Nasirildeen
0%
5 169 MIN CB Harrison Hand
0%
6 227 DAL DB Israel Mukuamu
0%
4 145 PHI OG Jack Driscoll
0%
7 236 IND OL Jake Witt
0%
5 146 NYJ DB Jamien Sherwood
0%
6 204 NYJ CB Jarrick Bernard-Converse
0%
7 235 DET DT Jashon Cornell
0%
5 154 MIA DE Jason Strowbridge
0%
6 199 MIN DL Jaylen Twyman
0%
7 256 ARI LB Jesse Luketa
0%
7 230 LV OL Jimmy Morrissey
0%
5 168 PHI WR John Hightower
0%
7 242 GB DE Jonathan Garvin
0%
6 213 IND LB Jordan Glasgow
0%
5 146 NOR DB Jordan Howden
0%
6 188 NE S Joshuah Bledsoe
0%
7 225 ATL OL Jovaughn Gwyn
0%
6 195 NE OT Justin Herron
0%
5 156 WAS C Keith Ismael
0%
4 119 MIN RB Kene Nwangwu
0%
7 225 MIN DE Kenny Willekes
0%
7 250 CHI DL Khyiris Tonga
0%
5 163 CHI CB Kindle Vildor
0%
5 174 TEN DT Larrell Murchison
0%
5 151 CHI OL Larry Borom
0%
6 198 LAC RB Larry Rountree
0%
4 114 ARI DT Leki Fotu
0%
4 121 DET OG Logan Stenberg
0%
6 209 BUF OL Luke Tenuta
0%
7 238 DAL OG Matt Farniok
0%
6 206 DEN DE Matt Henningsen
0%
3 95 DEN DT McTelvin Agim
0%
7 247 ARI OL Michal Menet
0%
7 229 IND WR Mike Strachan
0%
6 181 DEN OG Netane Muti
0%
7 232 CAR DT Phil Hoskins
0%
6 210 PHI OT Prince Tega Wanogho
0%
5 166 DET WR Quintez Cephus
0%
6 192 DAL DT Quinton Bohanna
0%
6 205 TEN WR Racey McMath
0%
6 213 BUF CB Rachad Wildgoose
0%
4 135 TEN DL Rashad Weaver
0%
7 245 TB RB Raymond Calais
0%
7 227 JAX DT Raymond Vohasek
0%
5 169 CLE DB Richard LeCounte
0%
3 95 TB OL Robert Hainsey
0%
4 130 LAR DB Robert Rochell
0%
6 193 IND DT Robert Windsor
0%
6 209 GB OT Simon Stepaniak
0%
4 111 MIA OG Solomon Kindley
0%
7 238 NYG LB T.J. Brunson
0%
4 132 CLE DT Tommy Togiai
0%
7 250 LAR OG Tremayne Anchrum
0%
7 245 PIT DB Tre Norwood
0%
6 203 CHI RB Trestan Ebner
0%
4 132 MIN LB Troy Dye
0%
4 113 CAR CB Troy Pride Jr.
0%
4 143 LV S Tyree Gillespie
0%
6 210 ARI DE Victor Dimukeje
0%
7 248 IND OL Will Fries
0%
7 260 LAC RB Zander Horvath
0%
No matching quizzes found
Score Distribution
Percent of People with Each Score
Percentile by Number Answered
Your Score History
You have not taken this quiz